The second ring of power /
Kaydedildi:
| Yazar: | |
|---|---|
| Materyal Türü: | Bilinmiyor |
| Dil: | English |
| Baskı/Yayın Bilgisi: |
New York :
Simon and Schuster,
1979, c1977.
|
| Konular: | |
| Etiketler: |
Etiketle
Etiket eklenmemiş, İlk siz ekleyin!
|
MARC
| LEADER | 000000000a22000000004500 | ||
|---|---|---|---|
| 001 | 015216 | ||
| 020 | |a 0671248510 | ||
| 041 | 0 | |a eng | |
| 082 | 0 | 4 | |a 133.4 |b C346s |
| 100 | 1 | |a Castaneda, Carlos, |d 1931-1998 | |
| 245 | 1 | 4 | |a The second ring of power / |c Carlos Castaneda. |
| 260 | 1 | |a New York : |b Simon and Schuster, |c 1979, c1977. | |
| 300 | |a 316 páginas ; |c 21 cm. | ||
| 650 | 4 | |a CASTAÑEDA, CARLOS, 1931-1998 | |
| 650 | 4 | |a YAQUI INDIOS | |
| 650 | 4 | |a RELIGION | |
| 650 | 4 | |a ALUCINOGENOS | |
| 650 | 4 | |a DROGAS | |
| 650 | 4 | |a EXPERIENCIA RELIGIOSA | |
| 650 | 4 | |a ANTROPOLOGOS | |
| 650 | 4 | |a MEXICO | |
| 650 | 4 | |a BIOGRAFIA | |
| 500 | |a Colección George Yúdice | ||
| 999 | |c 21074 |d 21074 | ||
| 942 | |c BK |h 133.4 C346s |2 z | ||



